| 000 | 00650nam a2200205Ia 4500 | ||
|---|---|---|---|
| 005 | 20260121110111.0 | ||
| 008 | 008 260114s9999 xx 000 0 hin d | ||
| 020 | _a9788132349891 | ||
| 037 | _aEBOOK | ||
| 040 |
_aCRL _bhin _cCRL |
||
| 041 |
_ahin _2hin |
||
| 084 | _qCRL | ||
| 100 |
_aउमाकांत गिरि / Umakant Giri _9942046 |
||
| 245 | 0 | _aव्यावसायिक प्रबन्ध / Vyavsayik Prabandh | |
| 260 |
_bभाषा प्रकाशन / Bhasha Prakashan _c2020 |
||
| 856 | _uhttps://bhashaprakashan.com/product-details/378241 | ||
| 942 | _cEBOOK | ||
| 999 |
_c1533711 _d1533711 |
||